Datum a čas kvízu
35
Celkem bodů
Celkový počet nahraných bodů na tomto kvízu bez doplňovacích otázek.
8.
Pořadí na kvízu
Konečné umístění týmu na tomto kvízu.
Zaznamenané odpovědi
| # | Otázka | Odpověď | Body | Výsledky |
|---|---|---|---|---|
| 1. | Jak se jmenuje funkcionář, jem... | Josef Středula | 1 | |
| 2. | Správci pozůstalosti nedávno z... | Sinéad O'Connor | 1 | |
| 3. | Frontman jedné úspěšné britské... | Dakota Johnson, Chris Martin | 0 | |
| 4. | Od středy minulého týdne je za... | HHC | 1 | |
| 5. | V pondělí byl představen ofici... | Invalidovna | 0 | |
| 6. | Začneme prvním českým králem p... | Rudolf (I. Habsburský) | 0 | |
| 7. | Další „slavnou“ prohrou, která... | stoletá válka | 1 | |
| 8. | V bitvě u Lipan, kterou řadí m... | Jan Roháč (z Dubé) | 0 | |
| 9. | Bitva na Bílé hoře zpečetila o... | listopad 1620 | 1 | |
| 10. | Mnichovská dohoda je typickým... | appeasement | 1 |